La romana /
Saved in:
| Main Author: | |
|---|---|
| Format: | Book |
| Language: | Spanish Italian |
| Published: |
Buenos Aires :
Hyspamerica,
1982.
|
| Series: | Historia universal de la literatura (Hyspamerica).
|
| Subjects: |
| LEADER | 00910Cam#a22003015a#4500 | ||
|---|---|---|---|
| 001 | 028025 | ||
| 003 | AR-BeUNQ | ||
| 005 | 20250217100337.0 | ||
| 008 | 150820s1982||||ag # ### #000|f#spa#d | ||
| 999 | |c 25395 |d 100782 | ||
| 040 | |a AR-BeUNQ |b spa | ||
| 041 | 1 | |a pa |h ita | |
| 044 | |a ag | ||
| 082 | 0 | 4 | |a 853 |2 21 |
| 100 | 1 | |a Moravia, Alberto. | |
| 245 | 0 | 3 | |a La romana / |c Alberto Moravia. |
| 260 | |a Buenos Aires : |b Hyspamerica, |c 1982. | ||
| 300 | |a 403 p. ; |c 19 cm. | ||
| 490 | 1 | |a Historia universal de la literatura ; | |
| 500 | |a Traducción de: La romana. Casa ed. Valentino Bompiani, 1974. | ||
| 650 | 7 | |a Literatura (Arte) |2 spines | |
| 650 | 7 | |a Literatura italiana |2 ttll | |
| 650 | 7 | |a Novelas |2 ttll | |
| 700 | 1 | |4 aut | |
| 700 | 1 | |4 aut | |
| 830 | 0 | |a Historia universal de la literatura (Hyspamerica). |n 29 | |
| 929 | |a DONACION |b Inés Vázquez |d 85,00 |e 20150311 |f PAT0057162 |g 2758 |j 53567 | ||
| 942 | |c LIB |n 0 | ||